| 000 | 01357nam a22002177a 4500 | ||
|---|---|---|---|
| 005 | 20141028104313.0 | ||
| 010 | _aBAC-EN21 ENG-104936 | ||
| 020 |
_a9788132106562 _c350.00 |
||
| 035 | _aEN-88469 | ||
| 037 | _bAakar | ||
| 037 | _bDBAD/PUB | ||
| 082 | _a305.80095475 | ||
| 100 | _aNambiar, Harish | ||
| 245 |
_aDefragmenting India : _cby Harish Nambiar _briding a bullet through the gathering storm / |
||
| 260 |
_aNew Delhi _bSAGE Publications _c2012 |
||
| 270 |
_aB1/I-1 Mohan Cooperative Industrial Area, Mathura Road _bNew Delhi _e110044 |
||
| 300 |
_aviii,240p. _c22cm(pbk) |
||
| 505 | _aAcknowledgements -- Intimacies remapped -- The covered trucks -- Manto strikes -- An Iranian exile in Sambhalpur -- Sense and sensibility -- The moor in the idol junkyard -- Destinies, dynasties, and upstart pickpockets -- The soldier who annexed three states for three daughters -- "Our Shiv Sena" -- "Dangerous like my English teacher" -- The open circle -- Do children smell fear in sweat? -- Cardamom cloud over coffee -- The instinct to upgrade -- A Moses on his Harley Davidson -- Arabs, Jains, Mammon and Osama -- A drunken RSS man in Jassema -- Invisible migrations, furtive bleedings -- Epilogue -- About the author. | ||
| 650 |
_aSocial conflict _zIndia _zGujarat _x History _y 21st century |
||
| 942 |
_2ddc _cEN _mNAM _h305.80095475 |
||
| 999 |
_c64611 _d64611 |
||